| 000 | 01212nam a2200313 i 4500 | ||
|---|---|---|---|
| 003 | EG-GICUC | ||
| 005 | 20260220045542.0 | ||
| 008 | 260220s2001 ua ||||fr|||| 001 0 ara d | ||
| 017 | _a9481/2001 | ||
| 020 | _a977-03-0906-0 | ||
| 040 |
_a EG-GICUC _bara _c EG-GICUC _d EG-GICUC _erda |
||
| 041 | 0 | _aara | |
| 082 | 0 | 4 |
_a343.3 _bح س . م _221 |
| 092 | 0 | 4 | _221 |
| 099 | _aLaw1 10 343.3 ح س . م 2001 | ||
| 100 | 0 |
_aحسن صادق المرصفاوي _eمؤلف. |
|
| 245 | 1 | 2 |
_aالمرصفاوي في القانون الجنائي. _nالجزء الأول، _bقانون الإجراءات الجنائية تشريعاً وقضاء في مائة عام / _cدكتور حسن صادق المرصفاوي. |
| 264 | 1 |
_aالاسكندرية : _bمنشاة المعارف، _c2001. |
|
| 300 |
_a1026 ؛ صفحة _c24 سم. |
||
| 336 |
_2rda content _atext |
||
| 337 |
_2rda media _aComputer |
||
| 338 |
_2rda carrier _aOnline Resource |
||
| 546 | _aالنص باللغة العربية | ||
| 650 | 1 | 4 | _aقانون الإجراءات الجنائية |
| 650 | 1 | 4 | _aالقانون الجنائي |
| 856 | 4 | 0 | _uhttps://fll.law.cu.edu.eg/fulltext/bks/B10-08472.pdf |
| 905 | _a77 | ||
| 942 |
_2ddc _cBK _e21 _n0 |
||
| 999 |
_c63894 _d63894 |
||